000 00522nam a2200193Ia 4500
003 GCL
008 140319s9999 xx 000 0 eng d
040 _aGCL /
_cGCL
082 0 4 _a891.78
_bB L
100 1 _aBROWN, DEMING
245 1 0 _aTHE LAST YEARS OF SOVIET RUSSIAN LITERATURE /
_cBROWN, DEMING
260 _a[S.N] :
_bCAMBRIBGE UNIVERSITY PRESS ،
_c1993
300 _a208 P
650 0 4 _aHISTORY
650 0 4 _aCRITICISM
650 0 4 _aالبنوك-النقود
650 0 4 _aRUSSIA - FICTION
942 _2ddc
_cBK
999 _c24220
_d24220